| 000 | 00758nam a2200253Ia 4500 | ||
|---|---|---|---|
| 003 | OSt | ||
| 005 | 20220923223206.0 | ||
| 006 | a|||||r|||| 00| 0 | ||
| 007 | ta | ||
| 008 | 220922b |||||||| |||| 00| 0 hin d | ||
| 024 | _a211,783 | ||
| 037 | _cTextual | ||
| 040 |
_aARTS _cARTS _bhin |
||
| 041 |
_2hin _ahin |
||
| 082 | _aO152,3N41x, N4 | ||
| 100 | _aचौधरी, पवन | ||
| 245 | 0 | _aमनमौजी उणाच | |
| 246 | _ahinamaujī uṇācha | ||
| 260 |
_aदिल्ली _b विधिसाहित्य _c1994 |
||
| 300 |
_a170पृ. _ccm. |
||
| 650 |
_aहिन्दी साहित्य _9156264 |
||
| 942 |
_hO152,3N41x, N4 _cTEXL _2CC |
||
| 999 |
_c362058 _d362058 |
||